Галерия "Шарж" (Запис номер 326949)
[ съкратено ]
| 000 -Лидер | |
|---|---|
| Контролно поле с фиксирана дължина | nam a22 a 4500 |
| 003 - Код на организацията, давaща контролен номер | |
| Контролно поле | BLK |
| 005 - Дата и час на последна редакция | |
| Контролно поле | 20230406030501.0 |
| 008 - Елементи от данни с фиксирана дължина | |
| fixed length control field | 181130b bu ||||| |||| 00| 0 bu d |
| 020 ## - Международен стандартен номер на книга ISBN | |
| Международен стандартен номер на книга ISBN | 9789543461189 |
| 040 ## - Източник на каталожния запис | |
| Идентификатор на билиотеката - собственик на записа | BLK |
| 041 ## - Код за език | |
| Код за езика на текст/звукозапис или на отделно заглавие | Български |
| Код за езика КДБФ | Български |
| 100 ## - Редна дума - Автор | |
| R(LIN) | 243674 |
| Автор | Тополов, Стайко |
| Авторска отговорност | първи автор |
| 139 ## - Редно поле | |
| Редна дума | Тополов, Стайко |
| Авторски знак | Топ - Т 74 |
| 245 ## - Сведения за заглавието | |
| Заглавие | Галерия "Шарж" |
| Подзаглавни данни | епиграми, римувани вицове, несериозни стихотворения и дружески шаржове и пародии |
| 260 ## - Област на издателските данни | |
| 9 (RLIN) | 210712 |
| Място на издаване, разпространение и проч. | Стара Загора |
| Име на издателя, разпространителя и проч. | Лаген |
| Година на издаване | 2018 |
| Печатница | Литера принт |
| 300 ## - Физическа характеристика | |
| Страници | 132 с. |
| Илюстрации и др. | с ил., портр. |
| Размери/Мащаб | 20 см |
| 380 ## - Жанр | |
| Жанр | Худож. лит. |
| 500 ## - Общи забележки | |
| Забележка | Стайко Тополов - псевд. на Стайко Илиев Стайков |
| 650 #0 - Допълнително описание по предмет – тема | |
| Основно описание – тема или топоним | Българска литература |
| 9 (RLIN) | 243597 |
| 653 #7 - Ключова дума – ненормативна | |
| 9 (RLIN) | 200297 |
| Ключова дума | хумор |
| 653 #7 - Ключова дума – ненормативна | |
| 9 (RLIN) | 200774 |
| Ключова дума | шаржове |
| 653 #7 - Ключова дума – ненормативна | |
| 9 (RLIN) | 193384 |
| Ключова дума | пародии |
| 700 ## - Други автори (авторска отговорност) | |
| 9 (RLIN) | 1311 |
| Лично име | Митев, Трифон |
| Автороска отговорност (Описва отношението между автора и произведението) | ред. |
| 700 ## - Други автори (авторска отговорност) | |
| 9 (RLIN) | 599 |
| Лично име | Николов, Дечко |
| Автороска отговорност (Описва отношението между автора и произведението) | ил. |
| 700 ## - Други автори (авторска отговорност) | |
| 9 (RLIN) | 390421 |
| Лично име | Славова, Антоанета Димитрова |
| Автороска отговорност (Описва отношението между автора и произведението) | предпечат |
| 852 ## - Местоположение | |
| Форматна сигнатура | Цб 291991 |
| 999 ## - СИСТЕМНИ КОНТРОЛНИ НОМЕРА | |
| Koha biblionumber | 326949 |
| Koha biblioitemnumber | 326949 |
| 942 ## - АРТИКУЛИ | |
| Вид на библиотечния материал | Книги |
| Скрит в OPAC | Не |
| 944 ## - СЪЗДАВАНЕ И РЕДАКЦИЯ на ЗАПИСА | |
| Създаване/Редакция | Създаване |
| Дата на регистрацията/редакция | 2018-11-30 |
| Служител, извършил регистрацията/редакцията | Кристиан Велковски |
| Статус, дата на статуса | 2018-11-30 |
| Код за отписване | Код за изгубен артикул | Източник на класификационната схема | Код за повреда | Коз за рестрикции | Код за отдаване | Артикулен № | Име на библиотеката - собственик | Име на библиотеката, в която се намира в момента | Статус (Текущо местоположение) | Дата на вписване в системата | Местоположение - отдел | Цена в лева | Систематично азбучна сигнатура | Баркод | Цена в евро | Служебен тип на артикула |
|---|---|---|---|---|---|---|---|---|---|---|---|---|---|---|---|---|
| Не е изгубен | Universal Decimal Classification | Не е повреден | без рестрикции | ползва се в читалня | 684349 | Регионална библиотека "Любен Каравелов" Русе | Регионална библиотека "Любен Каравелов" Русе | Хранилище | 2018-12-05 | Хранилище | 10.00 | Цб 291991 | 120000826070 | 5.11 | Книги |